ARRUPE JESUIT UNIVERSITY

CORONAVIRUS -STOP THE SPREAD - CLEAN,DISINFECT,COVER

Rhodesia and independence / (Record no. 37568)

MARC details
000 -LEADER
fixed length control field 00422nam a2200181Ia 4500
003 - CONTROL NUMBER IDENTIFIER
control field 0100
005 - DATE AND TIME OF LATEST TRANSACTION
control field 20180309085956.0
008 - FIXED-LENGTH DATA ELEMENTS--GENERAL INFORMATION
fixed length control field 130303s9999 xx 000 0 und d
040 ## - CATALOGING SOURCE
Transcribing agency ARRUPELIB
050 ## - LIBRARY OF CONGRESS CALL NUMBER
Classification number DT962.7.Y61967
300 ## - PHYSICAL DESCRIPTION
Other physical details 567p. maps. 23cm.
100 ## - MAIN ENTRY--PERSONAL NAME
Personal name Young, Kenneth
9 (RLIN) 40461
245 ## - TITLE STATEMENT
Title Rhodesia and independence /
260 ## - PUBLICATION, DISTRIBUTION, ETC. (IMPRINT)
Place of publication, distribution, etc New York
Name of publisher, distributor, etc J. H. Heineman
Date of publication, distribution, etc 1967
300 ## - PHYSICAL DESCRIPTION
Extent xiv
650 ## - SUBJECT ADDED ENTRY--TOPICAL TERM
Topical term or geographic name as entry element Zimbabwe
General subdivision Foreign relations
Chronological subdivision 1965-1980
9 (RLIN) 40337
700 ## - ADDED ENTRY--PERSONAL NAME
Personal name Kenneth Young
9 (RLIN) 40462
942 ## - ADDED ENTRY ELEMENTS (KOHA)
Source of classification or shelving scheme Library of Congress Classification
Koha item type Monograph ( Printed materials)
Holdings
Withdrawn status Lost status Source of classification or shelving scheme Damaged status Not for loan Collection code Home library Current library Shelving location Date acquired Total Checkouts Full call number Barcode Date last seen Copy number Price effective from Koha item type
    Library of Congress Classification     Main Collection ARRUPE LIBRARY ARRUPE LIBRARY Main Collection 04/03/2013   DT962.7.Y6 1967 46003034530 07/12/2017 1 04/03/2013 Monograph ( Printed materials)
    Library of Congress Classification     Main Collection ARRUPE LIBRARY ARRUPE LIBRARY Main Collection 24/05/2022   DT962.7.Y6 1967 46700000016 24/05/2022   24/05/2022 Monograph ( Printed materials)

 

Arrupe Library. PO Box MP320 Mt Pleasant, Harare, Zimbabwe
263 242 745411|librarian@aju.ac.zw